| 000 | 00462nam a2200193Ia 4500 | ||
|---|---|---|---|
| 005 | 20220601143618.0 | ||
| 008 | 131103s9999 xx 000 0 und d | ||
| 020 | _a905018346 | ||
| 040 | _aLoreto College | ||
| 041 | _aEnglish | ||
| 082 |
_aF _bKLE |
||
| 100 | _aKlein,Norma | ||
| 245 |
_aComing to life _cNorma Klein |
||
| 260 |
_aLondon _bEverest Books Ltd. _c1977 |
||
| 300 | _a220 p. | ||
| 650 | _aFiction in English | ||
| 850 | _aLCLIB | ||
| 942 | _cBK | ||
| 999 |
_c17075 _d67554 |
||